Statistiques concernant Harry Potter: le Parchemin de l'Armée de Dumbledore

Cliquez ici pour prendre le quiz!

Statistiques générales

  • Ce quiz a été pris 56 fois
  • Le résultat moyen est 23 sur 30

Statistiques - réponses

InformationRéponses% Correct
FabricanteHermione Granger
100%
Signataire connuHermione Granger
100%
Signataire connuHarry Potter
98%
Signataire connuRon Weasley
98%
Signataire connuCho Chang
93%
Signataire connuFred Weasley
93%
Signataire connuGeorge Weasley
93%
Première apparitionHarry Potter et l'Ordre du Phénix
93%
Dernière apparitionHarry Potter et l'Ordre du Phénix
93%
Signataire connuGinny Weasley
91%
Signataire connuLuna Lovegood
91%
Signataire connuNeville Londubat
89%
Signataire connuPadma Patil
82%
Signataire connuParvati Patil
80%
Signataire connuDean Thomas
78%
Signataire connuAngelina Johnson
76%
Signataire connuKatie Bell
76%
Signataire connuErnie Macmillan
73%
Signataire connuColin Crivey
71%
Signataire connuLavande Brown
71%
Signataire connuHannah Abbot
69%
Signataire connuLee Jordan
69%
Signataire connuMarietta Edgecombe
69%
Signataire connuAlicia Spinnet
62%
Signataire connuDennis Crivey
62%
Signataire connuJustin Finch-Fletchley
51%
Signataire connuSusan Bones
51%
Signataire connuZacharias Smith
51%
Signataire connuAnthony Goldstein
44%
Signataire connuTerry Boot
33%

Distribution des résultats

Percentile par nombre de réponses

% des personnes avec chaque résultat

Votre développement - résultats

Vous n’avez pas pris ce quiz